000 01090nam a2200313 i 4500
001 8269
003 KOSZ 005
005 20191017092953.0
008 170701s1957 pl a f 000 0 pol
040 _aWA N
_cWA N
_dKOSZ 005/RW
_dKOSZ 005/HR
046 _k1957
080 _a528
100 1 _aZapaśnik, Zygmunt.
_eAutor.
245 1 0 _aWzory i skróty w zakresie geodezji /
_cZygmunt Zapaśnik.
250 _aWyd. 2 uzup.
260 _aWarszawa :
_bPaństwowe Przedsiębiorstwo Wydawnictw Kartograficznych,
_c1957.
300 _a168, [4] s. :
_bil. ;
_c17 cm.
336 _2rdacontent
_aTekst
_btxt
337 _2rdamedia
_aBez urządzenia pośredniczącego
_bn
338 _2rdacarrier
_aWolumin
_bnc
380 _aKsiążki
388 _a1901-2000
504 _aBibliogr. s. [169].
658 _aGeografia i nauki o Ziemi
650 4 _aGeodezja
710 2 _aPaństwowe Przedsiębiorstwo Wydawnictw Kartograficznych
_4pbl.
856 _uhttp://koha.tu.koszalin.pl/cgi-bin/koha/opac-detail.pl?biblionumber=8269
_yKatalog online BPK
942 _cKS
_2UKD
999 _c8269
_d8269